| 000 | 00348 a2200109 4500 | ||
|---|---|---|---|
| 001 | ART_39703 | ||
| 005 | 20260410161646.0 | ||
| 008 | 260409a | ||
| 245 | 1 | 0 | _aProcedencia de intereses ante compensaciones mal realizadas |
| 100 | 1 | _aCaranta, Martín R. | |
| 773 | 0 |
_tConsultor tributario _g- Año 10, Nº 113 (jul. 2016) _wREV474 |
|
| 999 |
_c13814 _d13814 |
||